Ulkomaankauppa 1981

Uložené v:
Podrobná bibliografia
Médium: Kniha
Jazyk:Finnish
Vydavateľské údaje: Helsinki Tullihallitus 1982
Tagy: Pridať tag
Žiadne tagy, Buďte prvý, kto otaguje tento záznam!

MARC

LEADER 00000nam a2200000 4500
001 c131229
005 20251203141237.3
041 0 |a fin 
044 |a FI 
245 1 0 |a Ulkomaankauppa 1981 
264 1 |a Helsinki  |b Tullihallitus  |c 1982 
300 |a 163 s.